000 00406nam a2200181Ia 4500
008 170705s9999 xx 000 0 und d
020 _a9780439574686
245 _aCrispin :
245 _bthe cross of lead /
245 _cAvi.
260 _aNew York :
260 _bScholastic,
260 _c2002
300 _a262 pages :
300 _bcolor illustration ;
300 _c19cm.
500 _a780
999 _c336578
_d336578